000
00466nam a2200145Ia 4500
008
100204s9999 xx 000 0 und d
082
_b
278
100
_a
शेळके उध्दव ज.
245
_a
लेडीज हॉस्टेल
260
_b
"अनुपम प्रकाशन, पुणे"
_c
1975
300
_a
245
630
_a
लेडीज हॉस्टेल
730
_a
लेडीज हॉस्टेल
942
_c
BOOK
999
_c
445473
_d
445470